| 000 | 00944nam a2200205 a 4500 | ||
|---|---|---|---|
| 001 | 58877 | ||
| 005 | 20180714055633.0 | ||
| 008 | 140415s2001 mx 000 0 spa d | ||
| 020 | _a9684371837 | ||
| 041 | _aspa | ||
| 082 |
_a291.433 _bMUÑ |
||
| 100 | 1 | _aMUÑOZ, HECTOR | |
| 245 | 1 | 0 | _aORACIONES CON MARIA |
| 250 | _a4ed. | ||
| 260 |
_aMEXICO : _bPAULINAS, _c2001 |
||
| 300 |
_a137 _c11.2 x 0.7 x 16.8 |
||
| 490 | _aCOLECCION: ORAR CON LA VIDA | ||
| 520 | _aORACIONES CON MARIA PRECISAMENTE PORQUE ES CON ELLA QUE APRENDEMOS A ORAR COMO CONVIENE: EN SILENCIO, EN KLA COMTEMPLACION, EN LA DISPONIBILIDAD Y EN EL OFRECIMIENTO GOZOSO DE NOSOTROS MISMOS A DIOS. ASI NOS DICE EL EVANGELISTA SAN LUCAS: MARIA, POR SU PARTE, GUARDABA TODAS ESAS COSAS Y LAS MEDITABA EN SU CORAZON. ESTE ES EL SECRETO PARA APRENDER A ORAR Y SABER ESCUCHAR A DIOS EN NUESTRA VIDA. | ||
| 650 | 1 | 4 |
_aMEDITACIONES _xORACIONES _xVIRGEN MARIA _xORACIONES |
| 999 |
_c58877 _d58877 |
||